000
00309nam a22001337a 4500
008
181024b xxu||||| |||| 00| 0 eng d
020
_a
9780073401423
041
_a
eng
080
_2
8 ED
_a
781
100
_a
45
101
_a
MUZ
245
_a
Music The Art O f Listering
_c
Ferris.J
942
_2
udc
_c
BK
999
_c
50866
_d
50866